<?xml version="1.0" encoding="UTF-8"?>
<marc:record xmlns:marc="http://www.loc.gov/MARC21/slim">
   <marc:leader>00000nam a2200000 a 4500</marc:leader>
   <marc:datafield ind1="1" ind2=" " tag="100">
      <marc:subfield code="a">Feifar, Oskar</marc:subfield>
      <marc:subfield code="4">aut</marc:subfield>
      <marc:subfield code="e">Verfasser/-in</marc:subfield>
   </marc:datafield>
   <marc:datafield ind1=" " ind2=" " tag="653">
      <marc:subfield code="a">Salzburg</marc:subfield>
   </marc:datafield>
   <marc:datafield ind1=" " ind2=" " tag="653">
      <marc:subfield code="a">Salzburg Land</marc:subfield>
   </marc:datafield>
   <marc:datafield ind1=" " ind2=" " tag="653">
      <marc:subfield code="a">Salzburg Stadt</marc:subfield>
   </marc:datafield>
   <marc:datafield ind1="0" ind2="0" tag="245">
      <marc:subfield code="a">Wer mordet schon in Salzburg?</marc:subfield>
   </marc:datafield>
   <marc:datafield ind1="0" ind2="0" tag="245">
      <marc:subfield code="b">11 Krimis und 125 Freizeittipps</marc:subfield>
   </marc:datafield>
   <marc:datafield ind1=" " ind2="1" tag="264">
      <marc:subfield code="b">Gmeiner-Verl.</marc:subfield>
      <marc:subfield code="c">2014</marc:subfield>
   </marc:datafield>
   <marc:datafield ind1="1" ind2=" " tag="490">
      <marc:subfield code="a">Gmeiner Original</marc:subfield>
   </marc:datafield>
   <marc:datafield ind1="1" ind2=" " tag="520">
      <marc:subfield code="a">"Morde und Mehr" kennzeichnen diesen Band, mit kurzweiligen Kriminalfällen, die Verbrechen aus den unterschiedlichsten Motiven zum Inhalt haben, die trotz aller Bemühungen der Polizei nicht immer aufgeklärt werden. Mord und Totschlag in Stadt und Land Salzburg - davon gibt es in diesem Buch mehr als genug. Doch nicht nur das Verbrechen steht im Vordergrund, sondern auch die traumhafte Kulisse dieser Region. Der Autor beschreibt diese bekannten und vielleicht noch unbekannte Kultur, Freizeit und Ausflugstipps als eine Art Spurensuche durch die an Sehenswürdigkeiten reiche Gegend. Es entstand sozusagen ein "krimineller" Freizeitplaner, vielleicht, um den einen oder anderen Krimileser aus der Stube zu locken. Eine sehr pikante Kombination von Thriller und Freizeittipps, die wohl so manchen krimibegeisterten Besucher nach Salzburg locken wird.</marc:subfield>
   </marc:datafield>
   <marc:datafield ind1=" " ind2=" " tag="020">
      <marc:subfield code="a">9783839215043</marc:subfield>
      <marc:subfield code="9">9783839215043</marc:subfield>
   </marc:datafield>
</marc:record>
